| 000 | 00569nam a2200181Ia 4500 | ||
|---|---|---|---|
| 008 | 100920s9999 xx 000 0 und d | ||
| 082 |
_b93835 _a891.463.1 न 01 |
||
| 100 | _aराय सत्यजित. | ||
| 245 | _aएक डझन गोष्टी. | ||
| 260 |
_bसाकेत,औरंगाबाद. _c2001 |
||
| 300 |
_a140 _bसाधी |
||
| 365 | _b140 | ||
| 520 | _aलघुकथा. | ||
| 630 | _aएक डझन गोष्टी. | ||
| 650 | _aलघुकथा. | ||
| 730 | _aएक डझन गोष्टी. | ||
| 942 | _cBOOK | ||
| 999 |
_c734278 _d734275 |
||